000 00525nam a22001697a 4500
005 20231123113432.0
008 231123b |||||||| |||| 00| 0 eng d
020 _a9991622187
041 _aEnglish
082 _a341.48
100 _lEnglish
245 _aNamibia : A Summary of selected human rights cases from Independence to the year 2000
260 _aWindhoek :
_bOut of Africa Publishers,
_c2000
300 _b38 pages ;
_c22 cm.
650 _aLegal practice
_bLaw
942 _cBK
_6ALISON_BN_VRIES
999 _c891
_d891